Berühmte Zitate - Statistiken

Allgemein
  • Dieses Quiz wurde 217 mal gespielt
  • Das Durchschnittsergebnis liegt bei 5 aus 10
Antwortstatistiken
Frage Antwort % Korrekt
"Ein kleiner Schritt für einen Menschen, ein riesiger Sprung für die Menschheit." Neil Armstrong
95%
"Zwei Dinge sind unendlich, das Universum und die menschliche Dummheit, aber bei dem Universum bin ich mir noch nicht ganz sicher." Albert Einstein
82%
"Ich habe einen Traum, dass meine vier kleinen Kinder eines Tages in einer Nation leben werden, in der sie nicht nach der Farbe ihrer Haut, sondern nach ihrem Charakter beurteilt werden." Martin Luther King
69%
"Ein kluger Mann macht nicht alle Fehler selbst. Er gibt auch anderen eine Chance." Winston Churchill
54%
"Sei du selbst die Veränderung, die du dir wünschst für diese Welt." Mahatma Gandhi
41%
"Wer kämpft, kann verlieren. Wer nicht kämpft, hat schon verloren." Bertolt Brecht
38%
"Wer die Freiheit aufgibt, um Sicherheit zu gewinnen, wird am Ende beides verlieren." Benjamin Franklin
36%
"Das einzige, was notwendig ist für den Triumph des Bösen, ist, dass gute Menschen nichts tun." Edmund Burke
28%
"Der Zweck des Lebens ist es, es zu leben, es mit Leidenschaft zu erfahren, es mit Lust zu erreichen und zu neuen Erfahrungshorizonten zu gelangen." Eleanor Roosevelt
28%
"Ich denke, also bin ich." Descartes
18%
Keine übereinstimmenden Quizze gefunden
Verteilung der Resultate
Anzahl Personen mit jedem Resultat
Perzentil nach korrekt beantworteten Fragen
Ihre Resultats-Entwicklung
Sie haben dieses Quiz noch nicht gespielt